Historia del desarrollo económico internacional: desde 1820 hasta la Primera Guerra Mundial
Guardat en:
| Autors principals: | , |
|---|---|
| Format: | Llibre |
| Idioma: | espanyol |
| Publicat: |
Madrid
Istmo
1973
|
| Col·lecció: | Fundamentos, 32
|
| Matèries: | |
| Etiquetes: |
Afegir etiqueta
Sense etiquetes, Sigues el primer a etiquetar aquest registre!
|
MARC
| LEADER | 00000nam a2200000 a 4500 | ||
|---|---|---|---|
| 001 | UCQ1254 | ||
| 003 | CL-VaPUC | ||
| 008 | 980709e19730000SP |||||||||||||||||spa|d | ||
| 082 | 0 | 4 | |a 338.9 |b KEN |2 21 |
| 100 | |a Kenwood, A. G |e author |9 493762 | ||
| 700 | 0 | |a Lougheed, A. L |e author |9 414976 | |
| 245 | 1 | 0 | |a Historia del desarrollo económico internacional: desde 1820 hasta la Primera Guerra Mundial |
| 300 | |a 270 p | ||
| 942 | |c BK | ||
| 945 | |d 19980709 00:00:00 |a crobeson | ||
| 260 | |a Madrid |b Istmo |c 1973 | ||
| 650 | 0 | |a Desarrollo económico y social |9 256320 | |
| 650 | 0 | |a Crecimiento económico |9 314037 | |
| 650 | 0 | |a Historia económica |9 307218 | |
| 650 | 0 | |a Economía internacional |9 258254 | |
| 650 | 0 | |a Política económica |9 255029 | |
| 650 | 7 | |a SISTEMA MONETARIO INTERNACIONAL |2 CL-VaPUC |9 322730 | |
| 650 | 7 | |a FLUCTUACIONES ECONOMICAS |2 CL-VaPUC |9 408970 | |
| 583 | |a last modification |c 19980709 00:00:00 |k Rodrigo Vera | ||
| 490 | 0 | |a Fundamentos, 32 | |
| 999 | |c 272257 |d 272255 | ||
| 952 | |0 0 |1 0 |4 0 |6 338_900000000000000_KEN_1973 |7 0 |8 A |9 307146 |a BIBENE |b BIBENE |d 2019-11-20 |i 1432648 |o 338.9 KEN 1973 |p 1432648 |r 2025-01-15 |w 2019-11-20 |y BK |k ICO | ||